00753nam a2200241Ia 450000500170000000800410001702000150005804100080007310000310008124500560011225000220016830000250019049000280021565000290024365000320027265000270030426400460033133600270037733700330040433800280043704000350046508400110050020220316235757.0121119s2002 ck gr 000 j spa  a95880895060 aspa1 aCortazar, Juliod1914-198414aLas armas secretas y otros relatos cJulio Cortazar aPrimera edición a191 páginasc21 cm0 aBiblioteca El Tiempov914aCuentos argentinos2LEMB14aLiteratura argentina 2LEMB14aDiablovCuentos 2LEMB aBogotá bCasa Editorial El Tiempoc2002 atextobtxt2rdacontent asin mediaciónbn2rdamedia avolumenbnc2rdacarrier aCO-BoRNBPbspaerdacCO-BoRNBP aC COR2